000 00255nam a22001097a 4500
008 170112b xxu||||| |||| 00| 0 eng d
020 _a9780763713195
041 _aeng
080 _24TH
_a618.2
245 _aFIRST AID AND CPR
_cTHYGERSON, A
942 _2udc
_cBK
999 _c2793
_d2793